000 00504nam a2200181Ia 4500
005 20250326142113.0
008 250326s9999 xx 000 0 und d
037 _aTextbook
040 _aFMSL
_beng
_cFMSL
041 _aeng
_2eng
084 _aX755'N85t M6
_qFMSL
100 _aO E C D
245 0 _aFicing and external debt. Of developing country
_cO E C D
260 _aFRANCE
_bFRANCE, O E C D
_c1986
300 _a235p
942 _cTB
_hX755'N85t M6
999 _c1293456
_d1293456